Étique.

Saved in:
Bibliografiske detaljer
Hovedforfatter: Spinoza, Benedictus de (auteur)
Andre forfattere: Pautrat, Bernard (texte original et traduction nouvelle)
Format: Bog
Udgivet: Paris, France: Éditions du Seuil, 1988.
Serier:L'ordre philosophique.
Fag:
Tags: Tilføj Tag
Ingen Tags, Vær først til at tagge denne postø!

MARC

LEADER 00000nam a22000007a 4500
003 CL-VaPUC
005 20220822114739.0
008 220728t1988 ||||| |||| 00| 0 eng d
999 |c 437702  |d 437700 
020 |a 2-02-010362-1 
040 |c Pontificia Universidad Católica de Valparaíso 
082 0 4 |a 174 SPI 1988  |b    |2 21 
100 0 |a Spinoza, Benedictus de  |e auteur  |9 319727 
245 1 0 |a Étique.  
260 |a Paris, France:  |b Éditions du Seuil,   |c 1988. 
300 |a 539 páginas.  
490 |a L'ordre philosophique. 
500 |a c.1 Donación Familia Prof. Alejandro Guzmán Brito. 
583 |a last modification  |c 19950926 00:00:00  |k Cristina María Rojas Aguilar 
650 0 |a Ética  |9 255099 
650 0 |a Comportamiento moral  |9 334569 
700 |a Pautrat, Bernard  |e texte original et traduction nouvelle  |9 874238 
942 |c BK  |2 ddc  |n 0 
952 |0 0  |1 0  |2 ddc  |4 0  |6 174_000000000000000_SPI_1988  |7 0  |8 C_AGB  |9 585492  |a BIBDER  |b BIBDER  |d 2022-07-28  |e Donación   |i 5653497  |o 174 SPI 1988  |p 5653497  |r 2023-01-25  |t 1  |w 2022-07-28  |y BK_US  |k AGB